|
|
|
|
| LEADER |
01281nam a22003374a 4500 |
| 001 |
39211 |
| 003 |
BD-DhAAL |
| 005 |
20220728104156.0 |
| 008 |
220728t2007 ii a b 001 0 eng d |
| 999 |
|
|
|c 44668
|d 44668
|
| 010 |
|
|
|a 2007045261
|
| 020 |
|
|
|a 9788178298160 (hbk.)
|
| 020 |
|
|
|a 9780761936510
|
| 040 |
|
|
|a DLC
|c DLC
|d DLC
|d BD-DhAAL
|
| 043 |
|
|
|a a-ii---
|
| 050 |
0 |
0 |
|a HD5819
|b .J63 2007
|
| 082 |
0 |
0 |
|a 330.954
|2 22
|
| 245 |
0 |
0 |
|a Job creation and poverty reduction in India :
|b towards rapid and sustained growth /
|c edited by Sadiq Ahmed.
|
| 260 |
|
|
|a New Delhi ;
|a Los Angeles :
|b Sage Publications,
|c c2007.
|
| 300 |
|
|
|a 350 pages :
|b illustrations ;
|c 23 cm.
|
| 504 |
|
|
|a Includes bibliographical references and index.
|
| 541 |
|
|
|a Donated By Akbar Ali Khan
|e 39211
|
| 650 |
|
0 |
|a Job creation
|z India.
|9 50345
|
| 650 |
|
0 |
|a Poverty
|z India.
|9 50346
|
| 650 |
|
0 |
|a Economics.
|9 50347
|
| 651 |
|
0 |
|a India
|x Economic policy.
|9 50348
|
| 651 |
|
0 |
|a India
|x Economic conditions.
|9 50349
|
| 700 |
1 |
|
|a Ahmed, Sadiq.
|9 50350
|
| 852 |
|
|
|a Ayesha Abed Library
|c Akbar Ali Khan Collection
|
| 942 |
|
|
|2 ddc
|c BK
|
| 952 |
|
|
|0 0
|1 0
|2 ddc
|4 0
|6 330_954000000000000_JOB
|7 1
|9 71354
|a BRACUL
|b BRACUL
|c AAKC
|d 2022-07-28
|e Donated by Akbar Ali Khan
|l 0
|o 330.954 JOB
|p 3010039211
|r 2022-07-28
|t 1
|w 2022-07-28
|y BK
|